Pays qui produisent le plus de films - Statistiques

Statistiques générales
  • Ce quiz a été pris 692 fois
  • Le résultat moyen est 27 sur 30
Statistiques - réponses
Hint Réponse % Correct
Principaux secteurs par nombre de productions cinématographiques 791 Etats-Unis
100%
Principaux marchés par chiffre d'affaires 10.24 billion $ Etats-Unis
100%
Principaux marchés par nombre d'entrées au guichet 1,181 million de billets Etats-Unis
100%
Principaux secteurs par nombre de productions cinématographiques 300 France
99%
Principaux marchés par chiffre d'affaires 1.48 billion $ France
99%
Principaux marchés par nombre d'entrées au guichet 213 million de billets France
99%
Principaux secteurs par nombre de productions cinématographiques 686 Chine
96%
Principaux marchés par chiffre d'affaires 8.59 billion $ Chine
96%
Principaux marchés par nombre d'entrées au guichet 1,620 million de billets Chine
96%
Principaux secteurs par nombre de productions cinématographiques 1,986 Inde
96%
Principaux marchés par chiffre d'affaires 2.39 billion $ Inde
96%
Principaux marchés par nombre d'entrées au guichet 2,263 million de billets Inde
96%
Principaux secteurs par nombre de productions cinématographiques 594 Japon
93%
Principaux marchés par chiffre d'affaires 2.25 billion $ Japon
93%
Principaux marchés par nombre d'entrées au guichet 175 million de billets Japon
93%
Principaux secteurs par nombre de productions cinématographiques 255 Espagne
92%
Principaux secteurs par nombre de productions cinématographiques 298 Royaume-Uni
91%
Principaux marchés par chiffre d'affaires 1.73 billion $ Royaume-Uni
91%
Principaux marchés par nombre d'entrées au guichet 168 million de billets Royaume-Uni
91%
Principaux secteurs par nombre de productions cinématographiques 226 Allemagne
90%
Principaux marchés par chiffre d'affaires 1.19 billion $ Allemagne
90%
Principaux marchés par nombre d'entrées au guichet 192 million de billets Russie
88%
Principaux marchés par nombre d'entrées au guichet 185 million de billets Brésil
87%
Principaux marchés par chiffre d'affaires 0.86 billion $ Mexique
84%
Principaux marchés par nombre d'entrées au guichet 331 million de billets Mexique
84%
Principaux marchés par chiffre d'affaires 0.91 billion $ Australie
77%
Principaux secteurs par nombre de productions cinématographiques 269 Corée du Sud
76%
Principaux marchés par chiffre d'affaires 1.52 billion $ Corée du Sud
76%
Principaux marchés par nombre d'entrées au guichet 218 million de billets Corée du Sud
76%
Principaux secteurs par nombre de productions cinématographiques 997 Nigeria
39%
Aucun quiz correspondant
Distribution des résultats
% des personnes avec chaque résultat
Percentile par nombre de réponses
Votre historique - résultats
Vous n’avez pas pris ce quiz